000 00404nam a22001457a 4500
003 OSt
005 20160727222449.0
008 160704b xxu||||| |||| 00| 0 eng d
040 _cTEST
100 _92014
_a Field Educational Enterprises
245 _aThe World Book Encyclopedia A -L
260 _aSydney
_b Field Edu.Enterprises
_c1968
300 _aThe World Book Encyclopedia A -L
942 _2ddc
_cBK
999 _c1713
_d1713